Dernier pilote a avoir porté ce numéro en F1 - Statistiques

Statistiques générales
  • Ce quiz a été pris 115 fois
    18 depuis la dernière actualisation
  • Le résultat moyen est 26 sur 71
Statistiques - réponses
N Pilote Année % Correct
3 Daniel Ricciardo 2024
100%
1 Max Verstappen 2025
100%
16 Charles Leclerc 2025
91%
12 Andrea Kimi Antonelli 2025
82%
6 Isack Hadjar 2025
82%
18 Lance Stroll 2025
82%
4 Lando Norris 2025
82%
10 Pierre Gasly 2025
82%
11 Sergio Perez 2024
82%
23 Alex Albon 2025
73%
31 Esteban Ocon 2025
73%
14 Fernando Alonso 2024
73%
17 Jules Bianchi 2014
73%
8 Romain Grosjean 2020
73%
22 Yuki Tsunoda 2025
73%
55 Carlos Sainz 2025
64%
63 George Russell 2025
64%
24 Guanyu Zhou 2024
64%
7 Jack Doohan 2025
64%
20 Kevin Magnussen 2024
64%
44 Lewis Hamilton 2024
64%
30 Liam Lawson 2025
64%
2 Logan Sargeant 2024
64%
27 Nico Hulkenberg 2025
64%
81 Oscar Piastri 2025
64%
43 Franco Colapinto 2024
55%
5 Gabriel Bortoleto 2025
55%
33 Max Verstappen 2021
55%
87 Oliver Bearman 2025
55%
77 Valterri Bottas 2024
55%
9 Nikita Mazepin 2021
45%
99 Antonio Giovinazzi 2021
36%
47 Mick Schumacher 2022
36%
21 Nyck De Vries 2023
36%
26 Daniil Kvyat 2020
27%
13 Pastor Maldonado 2015
27%
53 Alexander Rossi 2015
18%
28 Brendon Hartley 2018
18%
19 Felipe Massa 2017
18%
89 Jack Aitken 2020
18%
25 Jean-Eric Vergne 2014
18%
38 Oliver Bearman 2024
18%
50 Oliver Bearman 2024
18%
35 Sergey Sirotkin 2018
18%
15 Adrian Sutil 2013
9%
36 Antonio Giovinazzi 2017
9%
0 Demon Hill 1994
9%
76 Guiseppe Farina 1952
9%
75 Juan Manuel Fangio 1951
9%
40 Liam Lawson 2023
9%
94 Pascal Wherlein 2017
9%
51 Pietro Fittipaldi 2020
9%
88 Robert Kubica 2021
9%
98 Roberto Merhi 2015
9%
34 Bertrand Gachot 1994
0%
39 Brendon Hartley 2017
0%
56 Denny Hulme 1974
0%
102 Guiseppe Farina 1952
0%
29 Jean-Christophe Bouillon 1995
0%
37 JJ Lehto 1989
0%
71 Jochen Rindt 1967
0%
42 Jonathan Palmer 1983
0%
208 Lella Lombardi 1974
0%
85 Louis Chiron 1951
0%
109 Maurice Trintignant 1952
0%
32 Michael Schumacher 1991
0%
66 Nelson Piquet 1978
0%
45 Nyck De Vries 2022
0%
112 Paul Frère 1952
0%
52 Ronnie Peterson 1970
0%
46 Will Stevens 2014
0%
Aucun quiz correspondant
Distribution des résultats
% des personnes avec chaque résultat
Percentile par nombre de réponses
Votre historique - résultats
Vous n’avez pas pris ce quiz depuis la dernière actualisation